000 00299nam a2200109Ia 4500
008 200302s9999 xx 000 0 und d
100 _aKarin Schlte
245 _aMessedesign Jahrbuch 2003/2004 Trade Fair Design Annual 2003/2004
260 _bAvedition Publisher
260 _c2003
300 _a278 P.,
999 _c3925
_d3925